Statistics for True Cleveland Cavaliers Fan Test

Click here to take the quiz!

General Stats

  • This quiz has been taken 892 times
    (84 since last reset)
  • The average score is 14 of 54

Answer Stats

HintAnswer% Correct
2003-2010, 2014-2018LeBron James
99%
2011-2017Kyrie Irving
86%
2014-2023Kevin Love
78%
2022-Donovan Mitchell
76%
2019-Darius Garland
74%
2014-2019JR Smith
72%
2020-Jarrett Allen
70%
2011-2020Tristan Thompson
68%
2021-Evan Mobley
62%
1997-2010Zydrunas Ilgauskas
55%
2018-2022Collin Sexton
45%
2003-2004Eric Williams
42%
2008-2011, 2015-2016Mo Williams
42%
2021-Caris LaVert
41%
2020-Isaac Okoro
39%
2009-2010Shaquille O'Neal
36%
2017-Cedi Osman
34%
2004-2016Anderson Varejao
31%
2001-2003Jumaine Jones
23%
2014-2018Iman Shumpert
22%
2015-2016Timofey Mozgov
22%
2009-2012Antawn Jamison
20%
2017-2021Larry Nance Jr.
20%
2002-2004Carlos Boozer
19%
2005-2008Larry Hughes
19%
2004-2008Drew Gooden
16%
2013-2014Jarret Jack
16%
2001-2004Ricky Davis
15%
1999-2002Andre Miller
14%
2007-2009Ben Wallace
14%
2007-2010Delonte West
14%
2004-2008Eric Snow
14%
2012-2014CJ Miles
12%
2012-2015Dion Waiters
9%
2008-2011JJ Hickson
9%
2017-2019Rodney Hood
9%
2010-2014Alanzo Gee
8%
2009-2012Anthony Parker
8%
2017-2018Jae Crowder
8%
2004-2009Sasha Pavlovic
8%
2021-2022Lauri Markannen
5%
2017-2018Jose Calderon
4%
2000-2001Clarence Weatherspoon
3%
2013-2014Luol Deng
3%
2010-2012Ramon Sessions
3%
2012-2014Tyler Zeller
3%
2000-2004Chris Mihm
1%
2003-2005Jeff McInnis
1%
1999-2002Lamond Murray
1%
2002-2003Milt Palacio
1%
2011-2013Omri Casspi
1%
2003-2008Ira Newble
0%
2003-2004Kevin Ollie
0%
2000-2001Matt Harpring
0%

Score Distribution

Percentile by Number Answered

Percent of People with Each Score

Your Score History

You have not taken this quiz since the last reset